00462 2200181 4500001002100000005001500021008004100036020001800077035001900095041000700114082001000121090001600131100001800147245003200165260004100197300002500238650001700263INLIS00000000000146920241224112345241224||||||||| | ||| |||| || |  a979-20-8828-8 0010-1224001469 aid0 a615.1 a615.1 PAN i0 aPangkalan Ide00aInner Healing in the Office aJakartabElex Media Komputindoc2007 axiv, 240 hlm.; 20 cm 0aIlmu Terapan